[Event "ITA-ch Seniors 65 44th"]
[Site "Macerata"]
[Date "2022.10.01"]
[Round "8"]
[White "Gibellato, Francesco"]
[Black "Centofante, Maria Rosa"]
[Result "1-0"]
[WhiteElo "1943"]
[BlackElo "1404"]
[PlyCount "79"]
[EventDate "2022.09.25"]
[EventType "swiss"]
[EventRounds "9"]
[EventCountry "ITA"]
[SourceTitle "EXT 2024"]
[Source "ChessBase"]
[SourceDate "2023.10.10"]
[SourceVersion "1"]
[SourceVersionDate "2023.10.10"]
[SourceQuality "1"]

1. d4 d5 2. Nf3 Nf6 3. e3 Bg4 4. Nbd2 e6 5. c4 c6 6. Qb3 Qc7 7. Be2 Be7 8. Nf1 dxc4 9. Qxc4 Nbd7 10. Ng3 Nd5 11. 0-0 0-0 12. h3 Bxf3 13. Bxf3 N7f6 14. e4 Nb6 15. Qb3 h6 16. Be3 Nbd7 17. Rac1 Qb6 18. Qc2 Qd8 19. Rfd1 Qc8 20. Qe2 Qb8 21. Rc2 Re8 22. a3 Nb6 23. Qd2 Kh7 24. Rdc1 Qd8 25. Qe2 Kg8 26. Rd2 Qb8 27. e5 Nfd5 28. Be4 Nxe3 29. fxe3 Nd5 30. Rf1 Bg5 31. Rf3 Qc7 32. Bxd5 exd5 33. Nf5 Re6 34. h4 Be7 35. Qf1 Rf8 36. Rdf2 Qd8 37. Rf4 Kh7 38. Nxe7 Rxe7 39. Rxf7 Ree8 40. Rxf8 1-0

[Event "Cattolica op-B 8th"]
[Site "Cattolica"]
[Date "2021.06.02"]
[Round "7"]
[White "Centofante, Maria Rosa"]
[Black "Buratti, Ettore"]
[Result "1/2-1/2"]
[WhiteElo "1403"]
[BlackElo "1653"]
[PlyCount "82"]
[EventDate "2021.05.27"]
[EventType "swiss"]
[EventRounds "7"]
[EventCountry "ITA"]
[SourceTitle "CBM 203 Extra"]
[Source "ChessBase"]
[SourceDate "2021.09.30"]
[SourceVersion "1"]
[SourceVersionDate "2021.09.30"]
[SourceQuality "1"]

1. d4 c5 2. Nf3 d5 3. c4 e6 4. Nc3 dxc4 5. e4 Nf6 6. Bxc4 Be7 7. 0-0 0-0 8. h3 cxd4 9. Nxd4 a6 10. Be3 b5 11. Bd3 Bb7 12. Qc2 Nbd7 13. a3 Nc5 14. e5 Nxd3 15. exf6 Bxf6 16. Qxd3 e5 17. Rad1 exd4 18. Bxd4 Bxd4 19. Qxd4 Re8 20. Qf4 Qb8 21. Qxb8 Raxb8 22. Rd2 Bc6 23. Rd6 Rbc8 24. Rfd1 Kf8 25. R1d2 Ke7 26. R6d4 Red8 27. Re2+ Kf8 28. Red2 Ke7 29. f4 Rxd4 30. Rxd4 Rd8 31. Rxd8 Kxd8 32. Kf2 Ke7 33. g4 Kd6 34. b4 f6 35. h4 h6 36. Ke3 g5 37. h5 Ke6 38. Ne2 Bd7 39. Nd4+ Kd6 40. f5 Kd5 41. Kd3 Bc8 1/2-1/2

[Event "Villa Guardia D Oro Cup 32nd"]
[Site "Villa Guardia"]
[Date "2014.10.26"]
[Round "2"]
[White "Bernocchi, Luca"]
[Black "Centofante, Maria Rosa"]
[Result "0-1"]
[WhiteElo "1371"]
[BlackElo "1543"]
[PlyCount "58"]
[EventDate "2014.10.26"]
[EventType "swiss"]
[EventRounds "6"]
[EventCountry "ITA"]
[SourceTitle "EXT 2016"]
[Source "ChessBase"]
[SourceDate "2015.10.08"]
[SourceVersion "1"]
[SourceVersionDate "2015.10.08"]
[SourceQuality "1"]

1. e4 d5 2. exd5 Qxd5 3. Nc3 Qa5 4. Bc4 Nf6 5. d3 c6 6. a3 Bf5 7. Nf3 h6 8. 0-0 e6 9. Bd2 Qc7 10. Re1 Bd6 11. Ne2 0-0 12. Ng3 Bh7 13. Qc1 Bxg3 14. fxg3 Nd5 15. Bxh6 gxh6 16. Qxh6 Nd7 17. Bxd5 cxd5 18. Ng5 Bg6 19. Re2 Qc5+ 20. Kh1 Rfe8 21. Rf1 Qf8 22. Qh4 Qg7 23. Ref2 f6 24. Nh3 Bf5 25. g4 Qxg4 26. Qh6 Qg7 27. Qh4 Kf7 28. Nf4 Rh8 29. Nh5 Qg6 0-1

[Event "Varese Province-ch"]
[Site "Gallarate"]
[Date "2013.01.20"]
[Round "3"]
[White "Centofante, Maria Rosa"]
[Black "Tomassoni, Leonardo"]
[Result "0-1"]
[WhiteElo "1573"]
[BlackElo "1853"]
[PlyCount "72"]
[EventDate "2013.01.19"]
[EventType "swiss"]
[EventRounds "6"]
[EventCountry "ITA"]
[SourceTitle "EXT 2024"]
[Source "ChessBase"]
[SourceDate "2023.10.10"]
[SourceVersion "1"]
[SourceVersionDate "2023.10.10"]
[SourceQuality "1"]

1. d4 Nf6 2. Nf3 g6 3. c4 c5 4. d5 d6 5. Nc3 Bg7 6. e4 a6 7. Be2 0-0 8. 0-0 Nbd7 9. h3 Rb8 10. Be3 b5 11. cxb5 axb5 12. Bxb5 Nxe4 13. Bc6 Nxc3 14. bxc3 Bxc3 15. Rb1 Rxb1 16. Qxb1 Qa5 17. Qb3 Bg7 18. Nd2 Ne5 19. Nc4 Nxc4 20. Qxc4 Ba6 21. Qc2 Bxf1 22. Kxf1 Rb8 23. Kg1 Rb2 24. Qc4 Qxa2 25. Qxa2 Rxa2 26. Kh2 c4 27. Bb5 c3 28. Bc4 Rb2 29. Bd3 e6 30. dxe6 fxe6 31. f4 c2 32. Kg3 Rb3 33. Bxc2 Rxe3+ 34. Kg4 d5 35. Bd1 d4 36. Bf3 d3 0-1

[Event "Varese-ch"]
[Site "Varese"]
[Date "2012.11.05"]
[Round "5"]
[White "Cova, Ennio"]
[Black "Centofante, Maria Rosa"]
[Result "1-0"]
[WhiteElo "1690"]
[BlackElo "1560"]
[PlyCount "91"]
[EventDate "2012.10.08"]
[EventType "swiss"]
[EventRounds "6"]
[EventCountry "ITA"]
[SourceTitle "EXT 2014"]
[Source "ChessBase"]
[SourceDate "2013.11.20"]
[SourceVersion "1"]
[SourceVersionDate "2013.11.20"]
[SourceQuality "1"]

1. e4 d5 2. exd5 Qxd5 3. Nc3 Qa5 4. d4 Nf6 5. Nf3 Bg4 6. Bc4 e6 7. Bd2 Qb6 8. h3 Bxf3 9. Qxf3 c6 10. Qe3 Be7 11. 0-0 Nbd7 12. Rfe1 0-0 13. Bxe6 fxe6 14. Qxe6+ Rf7 15. Qc4 Re8 16. a3 Qxb2 17. Ra2 Qb6 18. Rb1 Qa6 19. Qb3 Nb6 20. Be3 Nfd5 21. Ne4 Nxe3 22. fxe3 Rb8 23. Nd2 Kf8 24. c4 Qa4 25. Qd3 g6 26. c5 Nd5 27. Nf3 b5 28. Ne5 Rg7 29. Nd7+ Kg8 30. Nxb8 Bg5 31. Re1 b4 32. Qc4 Kh8 33. axb4 Qxb4 34. Qxb4 Nxb4 35. Ra4 Nd3 36. Re2 Rb7 37. Nxc6 Rb1+ 38. Kh2 Bh4 39. Ra3 Ne1 40. e4 Bg5 41. Nxa7 Bf4+ 42. g3 Nf3+ 43. Rxf3 Bb8 44. Nc6 Kg7 45. e5 Rb7 46. Ref2 1-0

[Event "Varese-ch"]
[Site "Varese"]
[Date "2012.10.22"]
[Round "3"]
[White "Centofante, Maria Rosa"]
[Black "Tosetto, Flavio"]
[Result "0-1"]
[WhiteElo "1560"]
[BlackElo "1646"]
[PlyCount "76"]
[EventDate "2012.10.08"]
[EventType "swiss"]
[EventRounds "6"]
[EventCountry "ITA"]
[SourceTitle "EXT 2014"]
[Source "ChessBase"]
[SourceDate "2013.11.20"]
[SourceVersion "1"]
[SourceVersionDate "2013.11.20"]
[SourceQuality "1"]

1. d4 g6 2. Nf3 Bg7 3. c4 d6 4. Nc3 Nf6 5. e4 0-0 6. Be2 b6 7. 0-0 Bb7 8. h3 Nxe4 9. Be3 Nd7 10. Bd3 Nef6 11. Qd2 Re8 12. Ng5 e5 13. d5 Nc5 14. Nge4 Nfxe4 15. Nxe4 Nxe4 16. Bxe4 f5 17. Bc2 f4 18. Bxf4 exf4 19. Qxf4 Bxb2 20. Rab1 Be5 21. Qg4 Qf6 22. f4 Bd4+ 23. Kh2 Bc8 24. f5 g5 25. h4 h6 26. hxg5 hxg5 27. Qh5 Kg7 28. Qxe8 Bxf5 29. Qh5 Rh8 30. g4 Rxh5+ 31. gxh5 Qh6 32. Rxf5 Qxh5+ 33. Kg2 Qe2+ 34. Kg3 Be5+ 35. Kh3 Qxc2 36. Rbf1 Qh2+ 37. Kg4 Qg3+ 38. Kh5 Qh4# 0-1

[Event "Varese-ch"]
[Site "Varese"]
[Date "2012.10.08"]
[Round "1"]
[White "Centofante, Maria Rosa"]
[Black "Corniani, Stefano"]
[Result "1-0"]
[WhiteElo "1560"]
[BlackElo "1392"]
[PlyCount "87"]
[EventDate "2012.10.08"]
[EventType "swiss"]
[EventRounds "6"]
[EventCountry "ITA"]
[SourceTitle "EXT 2014"]
[Source "ChessBase"]
[SourceDate "2013.11.20"]
[SourceVersion "1"]
[SourceVersionDate "2013.11.20"]
[SourceQuality "1"]

1. d4 d5 2. Nf3 Nc6 3. c4 dxc4 4. Nc3 Nf6 5. e4 e5 6. d5 Nd4 7. Nxd4 exd4 8. Qxd4 Bb4 9. Bxc4 c6 10. 0-0 0-0 11. a3 Bxc3 12. bxc3 Nh5 13. e5 f6 14. dxc6+ Kh8 15. cxb7 Bxb7 16. exf6 gxf6 17. Be3 Qc8 18. Be2 Qc6 19. f3 Rfd8 20. Qb4 Qb6 21. Bxb6 axb6 22. Qxb6 Rab8 23. Qe3 Rg8 24. Rf2 Rg5 25. f4 Rb5 26. Bxb5 Bd5 27. c4 Ba8 28. Rd1 f5 29. Qe5+ Kg8 30. Qxb8+ Kg7 31. Qxa8 Nf6 32. Rd8 Kg6 33. Qc6 Kh5 34. Qf3+ Kh4 35. g3+ Kh3 36. Qg2+ Kg4 37. h3+ Kh5 38. Be8+ Kh6 39. Qc6 Kg7 40. Rfd2 Nxe8 41. Qxe8 h5 42. Qh8+ Kg6 43. R2d6+ Kf7 44. Qh7# 1-0

[Event "ITA-ch Seniors 34th"]
[Site "Arvier"]
[Date "2012.04.15"]
[Round "2"]
[White "Acunzo, Domenico"]
[Black "Centofante, Maria Rosa"]
[Result "1-0"]
[WhiteElo "1717"]
[BlackElo "1608"]
[PlyCount "74"]
[EventDate "2012.04.14"]
[EventType "swiss"]
[EventRounds "9"]
[EventCountry "ITA"]
[SourceTitle "CBM 148 Extra"]
[Source "ChessBase"]
[SourceDate "2012.06.22"]
[SourceVersion "1"]
[SourceVersionDate "2012.06.22"]
[SourceQuality "1"]

1. e4 d5 2. exd5 Qxd5 3. Nc3 Qa5 4. d4 Nf6 5. Bd2 Qb6 6. Nf3 c6 7. Bc4 Bg4 8. Bxf7+ Kxf7 9. Ne5+ Ke8 10. Nxg4 Qxd4 11. Nxf6+ exf6 12. Qe2+ Be7 13. 0-0-0 Qe5 14. Qxe5 fxe5 15. Rhe1 Nd7 16. f4 exf4 17. Bxf4 Kd8 18. Bc7+ Kxc7 19. Rxe7 Rad8 20. b4 a6 21. a4 Kc8 22. b5 g6 23. bxc6 bxc6 24. Ne4 Rhf8 25. Nd6+ Kb8 26. Nf7 Kc7 27. Ne5 Rf5 28. Nxd7 Rd5 29. Nf6+ Kb6 30. Nxd5+ cxd5 31. Rxh7 Ka5 32. Rd4 Rd6 33. Rh3 Kb6 34. Rb3+ Kc6 35. Rdd3 Kc5 36. Kb2 a5 37. Ka3 g5 1-0

[Event "EU-ch Seniors 11th"]
[Site "Courmayeur"]
[Date "2011.04.11"]
[Round "6"]
[White "Centofante, Maria Rosa"]
[Black "Weyand, Fernand"]
[Result "0-1"]
[WhiteElo "1619"]
[BlackElo "1845"]
[PlyCount "56"]
[EventDate "2011.04.06"]
[EventType "swiss"]
[EventRounds "9"]
[EventCountry "ITA"]
[SourceTitle "CBM 141 Extra"]
[Source "ChessBase"]
[SourceDate "2011.05.03"]
[SourceVersion "1"]
[SourceVersionDate "2011.05.03"]
[SourceQuality "1"]

1. d4 f5 2. Nf3 Nf6 3. c4 g6 4. Nc3 Bg7 5. Bf4 0-0 6. h3 d6 7. e3 Qe8 8. Bd3 Nc6 9. 0-0 e5 10. dxe5 dxe5 11. Bg5 e4 12. Bxf6 Bxf6 13. Nd5 Qf7 14. Be2 exf3 15. Bxf3 Ne5 16. Be2 c6 17. Nxf6+ Qxf6 18. f4 Nf7 19. Qc2 Re8 20. Rf3 Nd6 21. c5 Ne4 22. Rd1 Be6 23. b3 Rad8 24. Bd3 Bd5 25. Rff1 Re7 26. Rde1 Rde8 27. Rf3 Qh4 28. Kh2 Qxe1 0-1

[Event "Varese op 10th"]
[Site "Varese"]
[Date "2010.10.10"]
[Round "3"]
[White "Lanza, Francesco Paolo"]
[Black "Centofante, Maria Rosa"]
[Result "1-0"]
[WhiteElo "1693"]
[BlackElo "1619"]
[PlyCount "83"]
[EventDate "2010.10.09"]
[EventType "swiss"]
[EventRounds "6"]
[EventCountry "ITA"]
[SourceTitle "EXT 2024"]
[Source "ChessBase"]
[SourceDate "2023.10.10"]
[SourceVersion "1"]
[SourceVersionDate "2023.10.10"]
[SourceQuality "1"]

1. e4 d5 2. exd5 Qxd5 3. Nc3 Qa5 4. d4 Nf6 5. Bc4 c6 6. Nge2 Bg4 7. f3 Bh5 8. 0-0 e6 9. Nf4 Bd6 10. Nxh5 Qxh5 11. h3 0-0 12. Ne4 Nxe4 13. fxe4 Qxd1 14. Rxd1 Re8 15. d5 Bc5+ 16. Kh1 exd5 17. exd5 cxd5 18. Bxd5 Nc6 19. Bxc6 bxc6 20. Bf4 Re6 21. Rd2 Rae8 22. Rad1 h6 23. b3 Re2 24. c3 Rxd2 25. Rxd2 Re1+ 26. Kh2 Bg1+ 27. Kg3 Be3 28. Rd3 Bxf4+ 29. Kxf4 Re2 30. a4 Rxg2 31. Rd6 Rb2 32. b4 Rf2+ 33. Kg3 Rf6 34. Rxf6 gxf6 35. Kf4 Kg7 36. Kf5 a6 37. c4 h5 38. b5 axb5 39. axb5 cxb5 40. cxb5 h4 41. b6 Kh6 42. b7 1-0

[Event "ITA-ch Seniors 32nd"]
[Site "Arvier"]
[Date "2010.04.21"]
[Round "4"]
[White "Centofante, Maria Rosa"]
[Black "Bogatto, Mario"]
[Result "1-0"]
[WhiteElo "1585"]
[BlackElo "1451"]
[PlyCount "121"]
[EventDate "2010.04.18"]
[EventType "swiss"]
[EventRounds "9"]
[EventCountry "ITA"]
[SourceTitle "EXT 2024"]
[Source "ChessBase"]
[SourceDate "2023.10.10"]
[SourceVersion "1"]
[SourceVersionDate "2023.10.10"]
[SourceQuality "1"]

1. d4 d5 2. Nf3 e6 3. c4 Nf6 4. Nc3 c6 5. Bg5 Be7 6. cxd5 Nxd5 7. Bxe7 Qxe7 8. e4 Nxc3 9. bxc3 Nd7 10. Bd3 Nf6 11. 0-0 h6 12. Re1 Qc7 13. Ne5 Bd7 14. Qb3 0-0 15. Re3 Rab8 16. Qd1 Kh8 17. Rg3 Be8 18. Qf3 Rd8 19. Ng4 Qe7 20. Rh3 Nxg4 21. Qxg4 Qf6 22. e5 Qe7 23. Qe4 g6 24. Rxh6+ Kg7 25. Qf4 Rh8 26. Rxh8 Kxh8 27. Qh6+ Kg8 28. h4 f5 29. exf6 Qxf6 30. h5 Rd7 31. Bxg6 Bxg6 32. hxg6 Qg7 33. Qg5 Rd5 34. Qg4 Rf5 35. Re1 Qf6 36. f3 Kg7 37. Qe4 Qxg6 38. Qxe6 Rf6 39. Qe7+ Rf7 40. Qe5+ Kh6 41. Qh2+ Kg7 42. Qe5+ Kh7 43. Qe4 Qxe4 44. Rxe4 Kg7 45. Kf2 Rd7 46. Ke2 Kf6 47. c4 Rh7 48. Kd3 Rh5 49. g4 Ra5 50. Re2 Ra3+ 51. Ke4 Rc3 52. c5 Kg5 53. Rh2 Kg6 54. Rb2 Rc1 55. Rxb7 Re1+ 56. Kf4 a5 57. Rb6 Re6 58. Ra6 Rf6+ 59. Kg3 Kg5 60. Rxa5 Rf4 61. Ra4 1-0

[Event "ITA-ch Seniors 32nd"]
[Site "Arvier"]
[Date "2010.04.20"]
[Round "3"]
[White "Renzini, Lorenzo"]
[Black "Centofante, Maria Rosa"]
[Result "1-0"]
[WhiteElo "1746"]
[BlackElo "1585"]
[PlyCount "130"]
[EventDate "2010.04.18"]
[EventType "swiss"]
[EventRounds "9"]
[EventCountry "ITA"]
[SourceTitle "EXT 2024"]
[Source "ChessBase"]
[SourceDate "2023.10.10"]
[SourceVersion "1"]
[SourceVersionDate "2023.10.10"]
[SourceQuality "1"]

1. c4 Nf6 2. Nc3 c6 3. Nf3 d5 4. cxd5 cxd5 5. d4 a6 6. g3 Bf5 7. Bg2 e6 8. 0-0 Bd6 9. Nd2 Nc6 10. e4 dxe4 11. Ndxe4 Nxe4 12. Nxe4 Be7 13. Be3 0-0 14. a3 Rc8 15. Nc3 Na5 16. b4 Rxc3 17. bxa5 Rxa3 18. Rxa3 Bxa3 19. Qa4 Bd6 20. Bxb7 Qc7 21. Bg2 Rb8 22. Rc1 Qe7 23. d5 h6 24. Bb6 Bd3 25. Bf1 Bxf1 26. Kxf1 exd5 27. Re1 Qb7 28. Kg2 Rc8 29. Qd4 Rc4 30. Qd3 Rc8 31. Rd1 Bc7 32. Qxd5 Qb8 33. Qc6 Bxg3 34. Rd8+ Rxd8 35. Bxd8 Bxf2 36. Kxf2 Qxd8 37. Qxa6 Qd4+ 38. Ke1 f5 39. Qc8+ Kh7 40. Qxf5+ Kg8 41. Qc8+ Kf7 42. Qc7+ Kg8 43. Qb6 Qa1+ 44. Kd2 g5 45. Qb8+ Kg7 46. Qb7+ Kg6 47. a6 Qa5+ 48. Ke3 Qc5+ 49. Kd3 Qd6+ 50. Kc4 Qxh2 51. a7 Qc2+ 52. Kb5 Qb2+ 53. Kc6 Qc3+ 54. Kd7 Qg7+ 55. Kc8 Qf8+ 56. Kc7 Qe7+ 57. Kb8 Qd8+ 58. Qc8 Qd6+ 59. Qc7 Qf8+ 60. Kb7 Qb4+ 61. Qb6+ Qxb6+ 62. Kxb6 g4 63. a8Q Kg5 64. Qd5+ Kh4 65. Qg2 h5 1-0

[Event "Varese Province-ch"]
[Site "Gallarate"]
[Date "2010.01.31"]
[Round "5"]
[White "Mondini, Francesco"]
[Black "Centofante, Maria Rosa"]
[Result "0-1"]
[WhiteElo "1504"]
[BlackElo "1568"]
[PlyCount "76"]
[EventDate "2010.01.23"]
[EventType "swiss"]
[EventRounds "6"]
[EventCountry "ITA"]
[SourceTitle "EXT 2024"]
[Source "ChessBase"]
[SourceDate "2023.10.10"]
[SourceVersion "1"]
[SourceVersionDate "2023.10.10"]
[SourceQuality "1"]

1. c4 c6 2. Nc3 Nf6 3. Nf3 d5 4. cxd5 Nxd5 5. d4 Bf5 6. g3 e6 7. Bg2 h6 8. 0-0 Be7 9. Ne1 Bg6 10. e4 Nf6 11. Nc2 Qc7 12. Bf4 Qd8 13. e5 Nd5 14. Nxd5 cxd5 15. Be3 0-0 16. Rc1 Nc6 17. a3 Na5 18. b4 Nc4 19. Qe2 a6 20. f4 f5 21. Bf2 Rc8 22. Qd3 Bh7 23. Ne3 b5 24. Be1 Nb2 25. Rxc8 Qxc8 26. Nxd5 exd5 27. Bxd5+ Kh8 28. Qb3 Nc4 29. Bc3 Bg8 30. Bxg8 Rxg8 31. Rc1 Qe6 32. Rd1 Rd8 33. Be1 Qd5 34. Bf2 Qe4 35. Re1 Nd2 36. Rxe4 Nxb3 37. Re3 Nxd4 38. Rd3 Ne2+ 0-1

[Event "Varese op 9th"]
[Site "Varese"]
[Date "2009.10.11"]
[Round "3"]
[White "Centofante, Maria Rosa"]
[Black "Carbone, Lorenzo"]
[Result "0-1"]
[WhiteElo "1625"]
[BlackElo "1812"]
[PlyCount "130"]
[EventDate "2009.10.10"]
[EventType "swiss"]
[EventRounds "6"]
[EventCountry "ITA"]
[SourceTitle "EXT 2024"]
[Source "ChessBase"]
[SourceDate "2023.10.10"]
[SourceVersion "1"]
[SourceVersionDate "2023.10.10"]
[SourceQuality "1"]

1. d4 d5 2. Nf3 Nf6 3. c4 e6 4. Nc3 Be7 5. Bg5 0-0 6. e3 b6 7. cxd5 exd5 8. Bd3 Bb7 9. 0-0 h6 10. Bh4 c5 11. dxc5 bxc5 12. Be2 Nc6 13. Rb1 d4 14. exd4 Nxd4 15. Bxf6 Nxe2+ 16. Qxe2 Bxf6 17. Rfd1 Qc7 18. Nd5 Qc6 19. Nxf6+ Qxf6 20. Qe5 Qg6 21. Nh4 Qg4 22. Qg3 Qe4 23. Qf3 Qxb1 24. Rxb1 Bxf3 25. Nxf3 Rfe8 26. Kf1 Rab8 27. Nd2 Rb5 28. b3 Reb8 29. Ke2 Ra5 30. Rb2 Rab5 31. Kd3 a5 32. Kc3 a4 33. Nc4 axb3 34. axb3 Rb4 35. Na3 Kf8 36. Nc4 f6 37. f3 Ra8 38. g3 Ra1 39. f4 Rc1+ 40. Kd3 Rd1+ 41. Kc3 Rb8 42. Rd2 Rf1 43. Na5 Rc1+ 44. Kb2 Re1 45. Kc3 Ra8 46. Nc4 Rb8 47. Na5 Ra1 48. Nc6 Rc8 49. Rd8+ Rxd8 50. Nxd8 Ke7 51. Nb7 Rc1+ 52. Kb2 Rh1 53. Nxc5 Rxh2+ 54. Ka3 Rg2 55. Ne4 g6 56. Nc3 Rxg3 57. Nd5+ Kd6 58. Nb6 h5 59. Ka4 Kc6 60. Nc4 h4 61. b4 h3 62. Nd2 h2 63. Nf1 h1Q 64. Nxg3 Qa1+ 65. Kb3 Kb5 0-1

[Event "ITA-ch Seniors 31st"]
[Site "Arvier"]
[Date "2009.04.25"]
[Round "2"]
[White "Lisandri, Luigi"]
[Black "Centofante, Maria Rosa"]
[Result "1-0"]
[WhiteElo "1458"]
[BlackElo "1603"]
[PlyCount "99"]
[EventDate "2009.04.24"]
[EventType "swiss"]
[EventRounds "9"]
[EventCountry "ITA"]
[SourceTitle "EXT 2011"]
[Source "ChessBase"]
[SourceDate "2010.11.26"]
[SourceVersion "1"]
[SourceVersionDate "2010.11.26"]
[SourceQuality "1"]

1. c4 c6 2. Nf3 Nf6 3. e3 d5 4. Nc3 Bg4 5. h3 Bh5 6. d3 dxc4 7. dxc4 Qxd1+ 8. Nxd1 Bxf3 9. gxf3 e5 10. Bd2 Bc5 11. Nc3 Nbd7 12. 0-0-0 0-0-0 13. Rg1 g6 14. Be2 Rhe8 15. Kb1 Kb8 16. Na4 Bf8 17. e4 Nh5 18. Be3 c5 19. Nc3 Nf4 20. Bxf4 exf4 21. Nd5 Bh6 22. Rd2 Nf8 23. Rgd1 Bg7 24. Kc1 Bd4 25. Bf1 Ne6 26. h4 h5 27. Bh3 Be5 28. Bxe6 fxe6 29. Nc3 Rxd2 30. Rxd2 Bxc3 31. bxc3 Kc7 32. Kc2 Kc6 33. e5 b6 34. Rd6+ Kc7 35. a4 a6 36. a5 bxa5 37. Rxa6 Kb7 38. Rxa5 Kb6 39. Ra1 Rd8 40. Rb1+ Kc6 41. Rg1 Rg8 42. Rd1 Re8 43. Rd6+ Kc7 44. Kd3 Rd8 45. Rxd8 Kxd8 46. Ke4 Ke7 47. Kxf4 Kf7 48. Kg3 g5 49. hxg5 Kg6 50. Kh4 1-0